[Event "Koge Lang Sommer 4th"]
[Site "Koge"]
[Date "2023.07.12"]
[Round "3"]
[White "Damm, Kasper Wilken"]
[Black "Koch Mueller, Oscar"]
[Result "1-0"]
[WhiteElo "2159"]
[BlackElo "2132"]
[PlyCount "131"]
[EventDate "2023.07.12"]
[EventType "tourn"]
[EventRounds "9"]
[EventCountry "DEN"]
[SourceTitle "EXT 2024"]
[Source "ChessBase"]
[SourceDate "2023.10.10"]
[SourceVersion "1"]
[SourceVersionDate "2023.10.10"]
[SourceQuality "1"]

1. e4 e6 2. d4 d5 3. Nd2 c5 4. exd5 Qxd5 5. Ngf3 cxd4 6. Bc4 Qd7 7. 0-0 Nc6 8. Nb3 a6 9. Nbxd4 Nxd4 10. Nxd4 Qc7 11. Bd3 Bd6 12. h3 Nf6 13. Re1 0-0 14. c3 b6 15. Bg5 Nd5 16. c4 Nf4 17. Be4 Bb7 18. Qf3 Bxe4 19. Rxe4 Ng6 20. Qe2 Rac8 21. b3 h6 22. Bd2 Bh2+ 23. Kh1 Be5 24. Re1 Bf6 25. a4 Rfd8 26. Bc3 b5 27. axb5 axb5 28. Nxb5 Qb7 29. Bxf6 gxf6 30. Re3 Rc5 31. Rg3 Re5 32. Qf1 Rf5 33. Kg1 Qb6 34. Re2 Kh7 35. Qc1 Qa5 36. Nc3 Qb6 37. Ne4 Rd4 38. Qc2 Qb7 39. Rge3 Rd8 40. Rd2 Ra8 41. Nd6 Ra1+ 42. Rd1 Rxd1+ 43. Qxd1 Qd7 44. Rd3 Rg5 45. Rd4 e5 46. Rg4 Rh5 47. Qd5 f5 48. Rg3 Nf4 49. Qd2 Ne6 50. Qe2 Nf4 51. Qxe5 Ng6 52. Qf6 f4 53. Rd3 Nh8 54. Qxf4 Ra5 55. Rf3 f5 56. b4 Ng6 57. Qd4 Ra6 58. c5 Qe7 59. Re3 Qa7 60. Nxf5 h5 61. Nd6 Ra1+ 62. Kh2 Ra2 63. Rf3 Kh6 64. Qe3+ Kg7 65. Rf7+ Qxf7 66. Nxf7 1-0

[Event "Koge Lang Sommer 4th"]
[Site "Koge"]
[Date "2023.07.12"]
[Round "2"]
[White "Koch Mueller, Oscar"]
[Black "Eriksson, Christian Altenburg"]
[Result "1-0"]
[WhiteElo "2132"]
[BlackElo "2126"]
[PlyCount "75"]
[EventDate "2023.07.12"]
[EventType "tourn"]
[EventRounds "9"]
[EventCountry "DEN"]
[SourceTitle "EXT 2024"]
[Source "ChessBase"]
[SourceDate "2023.10.10"]
[SourceVersion "1"]
[SourceVersionDate "2023.10.10"]
[SourceQuality "1"]

1. d4 d5 2. c4 c6 3. Nc3 Nf6 4. e3 Bf5 5. cxd5 cxd5 6. Qb3 Nc6 7. Qxb7 Bd7 8. Qb3 Rb8 9. Qd1 e5 10. dxe5 Nxe5 11. Nge2 Bd6 12. Nf4 0-0 13. Be2 Bc6 14. 0-0 Ng6 15. Nxg6 hxg6 16. Bf3 Qe7 17. g3 Rfd8 18. Ne2 Bb5 19. Re1 Bb4 20. Bd2 Bxe2 21. Rxe2 Qe5 22. Bxb4 Rxb4 23. b3 Ne4 24. Bxe4 Rxe4 25. Rd2 d4 26. Rc1 Qd5 27. Rc4 d3 28. Rc3 Qa5 29. Rdxd3 Rxd3 30. Rc8+ Kh7 31. Qxd3 Re5 32. Qd8 Qe1+ 33. Kg2 g5 34. Qg8+ Kg6 35. Rc6+ f6 36. Rc7 Kf5 37. Qh7+ g6 38. Qd7+ 1-0

[Event "Koge Lang Sommer 4th"]
[Site "Koge"]
[Date "2023.07.12"]
[Round "1"]
[White "Meskenas, Paulius"]
[Black "Koch Mueller, Oscar"]
[Result "1-0"]
[WhiteElo "2194"]
[BlackElo "2132"]
[PlyCount "103"]
[EventDate "2023.07.12"]
[EventType "tourn"]
[EventRounds "9"]
[EventCountry "DEN"]
[SourceTitle "EXT 2024"]
[Source "ChessBase"]
[SourceDate "2023.10.10"]
[SourceVersion "1"]
[SourceVersionDate "2023.10.10"]
[SourceQuality "1"]

1. e4 e6 2. d4 d5 3. Nc3 Nf6 4. e5 Nfd7 5. Nce2 c5 6. c3 Nc6 7. Nf3 b5 8. Nf4 b4 9. c4 dxc4 10. d5 Ncxe5 11. dxe6 fxe6 12. Nxe5 Nxe5 13. Qh5+ Nf7 14. Bxc4 Bd6 15. Nxe6 Bxe6 16. Bxe6 Qe7 17. Qd5 Rd8 18. Be3 0-0 19. Bg5 Qxe6+ 20. Qxe6 Rde8 21. Qxe8 Rxe8+ 22. Be3 Ne5 23. 0-0-0 Nc4 24. Rde1 Be5 25. Re2 Nxe3 26. fxe3 c4 27. g3 c3 28. bxc3 bxc3 29. Rd1 Re7 30. Rd5 Kf7 31. Kc2 Ke6 32. e4 Rb7 33. Ra5 Kd6 34. Kd3 Ke6 35. Ra6+ Ke7 36. Rf2 Rd7+ 37. Kc2 Rb7 38. Re2 Kd7 39. Kd3 Ke7 40. g4 Rc7 41. Ra5 Ke6 42. Rb5 Rf7 43. a4 h6 44. a5 Rd7+ 45. Kc2 Rd6 46. Kb3 Rc6 47. Ra2 Ra6 48. Rc5 Kd6 49. Kc4 Bf4 50. Kb5 Be3 51. Rxc3 Bd4 52. Rcc2 1-0

[Event "Fredericia Kandidats"]
[Site "Fredericia"]
[Date "2023.05.21"]
[Round "4"]
[White "Koch Mueller, Oscar"]
[Black "Thorsen, Adrian Stenstrop"]
[Result "1/2-1/2"]
[WhiteElo "2098"]
[BlackElo "2062"]
[PlyCount "166"]
[EventDate "2023.05.19"]
[EventType "swiss"]
[EventRounds "5"]
[EventCountry "DEN"]
[SourceTitle "EXT 2024"]
[Source "ChessBase"]
[SourceDate "2023.10.10"]
[SourceVersion "1"]
[SourceVersionDate "2023.10.10"]
[SourceQuality "1"]

1. d4 d5 2. c4 e6 3. Nc3 a6 4. cxd5 exd5 5. Nf3 Nf6 6. Bg5 Be6 7. e3 Nbd7 8. Bd3 Bd6 9. 0-0 0-0 10. Rc1 Qb8 11. Qc2 c6 12. Na4 Bg4 13. h3 Bxf3 14. gxf3 h6 15. Bxf6 Nxf6 16. Nb6 Ra7 17. Kh1 Qd8 18. Na4 Nh5 19. Rg1 Qh4 20. Bf1 f5 21. f4 g5 22. Nc5 Ng7 23. fxg5 hxg5 24. f4 g4 25. Qh2 Rf6 26. hxg4 Rh6 27. Qxh4 Rxh4+ 28. Kg2 Rxg4+ 29. Kf2 Rxg1 30. Kxg1 Bxc5 31. Rxc5 Ra8 32. Kf2 Kf7 33. Rc3 Ne8 34. Bd3 Nd6 35. Rc1 Rh8 36. Rg1 Kf6 37. b3 Nf7 38. a3 Nd6 39. a4 Rh5 40. Rg8 Kf7 41. Rd8 Ke7 42. Rg8 Rh1 43. Bf1 Ne4+ 44. Kg2 Rh7 45. Bd3 Kf7 46. Rb8 Rg7+ 47. Kh2 Nd6 48. Rd8 Ke6 49. Rf8 Rc7 50. Rh8 Nf7 51. Re8+ Kf6 52. Rb8 Re7 53. Bf1 Nd6 54. Rf8+ Rf7 55. Rb8 Ne4 56. Bd3 Nf2 57. Be2 Ne4 58. Bd3 Nd6 59. Rd8 Ke7 60. Rg8 Kd7 61. Kg3 Rh7 62. Rg5 Ke6 63. Rg6+ Ke7 64. Kg2 Rf7 65. Kg3 Rf6 66. Rg7+ Nf7 67. Rg8 Rh6 68. Bxf5 Rh1 69. Rb8 Nd6 70. Bd3 Rd1 71. Bh7 Rh1 72. Bd3 Rd1 73. Be2 Rd2 74. Kf3 Rb2 75. Rh8 Rxb3 76. Rh7+ Nf7 77. Bd1 Rc3 78. Kf2 Kf6 79. Bh5 Nd6 80. Rh6+ Ke7 81. Rh7+ Kf6 82. Rh6+ Ke7 83. Rh7+ Kf6 1/2-1/2

[Event "Fredericia Kandidats"]
[Site "Fredericia"]
[Date "2023.05.19"]
[Round "1"]
[White "Koch Mueller, Oscar"]
[Black "Perets, Dmitry"]
[Result "1-0"]
[WhiteElo "2098"]
[BlackElo "2041"]
[PlyCount "79"]
[EventDate "2023.05.19"]
[EventType "swiss"]
[EventRounds "5"]
[EventCountry "DEN"]
[SourceTitle "EXT 2024"]
[Source "ChessBase"]
[SourceDate "2023.10.10"]
[SourceVersion "1"]
[SourceVersionDate "2023.10.10"]
[SourceQuality "1"]

1. d4 Nf6 2. c4 c5 3. d5 b5 4. cxb5 a6 5. bxa6 g6 6. Nc3 Bxa6 7. e4 Bxf1 8. Kxf1 d6 9. Nf3 Bg7 10. g3 0-0 11. Kg2 Qa5 12. a4 Nbd7 13. Re1 Qb4 14. Qc2 Rfb8 15. Ra3 Ng4 16. Na2 Qa5 17. b3 Nge5 18. Bd2 Qa6 19. Nxe5 Nxe5 20. Bc3 Qd3 21. Qxd3 Nxd3 22. Re3 Nb4 23. Bxg7 Kxg7 24. Rc3 f5 25. f3 Kf6 26. Nc1 Ke5 27. Rc4 fxe4 28. fxe4 Rf8 29. Ra1 Rf7 30. Rb1 Raf8 31. Rb2 Rf1 32. Rd2 R1f3 33. h4 Re3 34. Re2 Rff3 35. Rxe3 Rxe3 36. a5 Rxe4 37. Nd3+ Nxd3 38. Rxe4+ Kxd5 39. Rxe7 Nb4 40. Rxh7 1-0

[Event "DEN-ch cand"]
[Site "Svendborg"]
[Date "2023.04.05"]
[Round "7"]
[White "Koch Mueller, Oscar"]
[Black "Thuesen, Mogens Henrik"]
[Result "0-1"]
[WhiteElo "2167"]
[BlackElo "2156"]
[PlyCount "96"]
[EventDate "2023.04.05"]
[EventType "swiss"]
[EventRounds "7"]
[EventCountry "DEN"]
[SourceTitle "CBM 213 Extra"]
[Source "ChessBase"]
[SourceDate "2023.05.31"]
[SourceVersion "1"]
[SourceVersionDate "2023.05.31"]
[SourceQuality "1"]

1. d4 d5 2. c4 c6 3. Nc3 e5 4. dxe5 d4 5. Ne4 Qa5+ 6. Bd2 Qxe5 7. Ng3 h5 8. Nf3 Qe7 9. e3 h4 10. Ne2 dxe3 11. Bxe3 Bg4 12. Ned4 Qb4+ 13. Qd2 Nf6 14. h3 Bxf3 15. Nxf3 Ne4 16. Qxb4 Bxb4+ 17. Nd2 0-0 18. Ke2 Bxd2 19. Bxd2 c5 20. Be3 Nc6 21. Kf3 f5 22. g3 Rae8 23. Bd3 b6 24. Bxe4 Rxe4 25. b3 Ne5+ 26. Kg2 hxg3 27. Rhe1 gxf2 28. Bxf2 Nd3 29. Rxe4 fxe4 30. Rf1 Nf4+ 31. Kh2 Nxh3 32. Kxh3 e3 33. Kg2 Rxf2+ 34. Rxf2 exf2 35. Kxf2 Kf7 36. Kf3 Kf6 37. Kf4 a6 38. a3 a5 39. a4 g6 40. Ke4 g5 41. Kd5 g4 42. Kc6 g3 43. Kxb6 g2 44. Kxc5 g1Q+ 45. Kb5 Qe1 46. c5 Qb4+ 47. Kc6 Ke6 48. Kc7 Qxc5+ 0-1

[Event "Bremen Silvester op-A"]
[Site "Bremen"]
[Date "2022.12.28"]
[Round "4"]
[White "Breutigam, Martin"]
[Black "Koch Mueller, Oscar"]
[Result "1-0"]
[WhiteElo "2360"]
[BlackElo "2055"]
[PlyCount "91"]
[EventDate "2022.12.27"]
[EventType "swiss"]
[EventRounds "7"]
[EventCountry "GER"]
[SourceTitle "CBM 211 Extra"]
[Source "ChessBase"]
[SourceDate "2023.01.31"]
[SourceVersion "1"]
[SourceVersionDate "2023.01.31"]
[SourceQuality "1"]

1. e4 e6 2. d4 d5 3. e5 c5 4. c3 Nc6 5. Nf3 Qb6 6. Bd3 cxd4 7. 0-0 Bd7 8. Re1 a6 9. Nbd2 dxc3 10. bxc3 Qa5 11. Rb1 b5 12. Qc2 Nge7 13. Nb3 Qa4 14. Qe2 Ng6 15. g3 Ba3 16. Bxa3 Qxa3 17. h4 Nge7 18. h5 h6 19. g4 Na5 20. g5 Nxb3 21. axb3 Qc5 22. Rbc1 Bc8 23. b4 Qc7 24. Qe3 Bb7 25. Nd4 hxg5 26. Qxg5 Kd7 27. Nb3 Rag8 28. Kf1 Qd8 29. Nc5+ Kc8 30. Ra1 Nc6 31. Qf4 Qe7 32. Nxa6 Rxh5 33. Bxb5 Rf5 34. Qg3 Qg5 35. Qxg5 Rxg5 36. Nc5 Rxe5 37. Rxe5 Nxe5 38. Ra7 Bc6 39. Bxc6 Nxc6 40. Rxf7 e5 41. b5 Nb8 42. b6 g5 43. Rc7+ Kd8 44. Nb7+ Ke8 45. Nd6+ Kd8 46. Rc8+ 1-0

[Event "Bremen Silvester op-A"]
[Site "Bremen"]
[Date "2022.12.28"]
[Round "3"]
[White "Koch Mueller, Oscar"]
[Black "Bracker, Frank"]
[Result "1/2-1/2"]
[WhiteElo "2055"]
[BlackElo "2356"]
[PlyCount "59"]
[EventDate "2022.12.27"]
[EventType "swiss"]
[EventRounds "7"]
[EventCountry "GER"]
[SourceTitle "CBM 211 Extra"]
[Source "ChessBase"]
[SourceDate "2023.01.31"]
[SourceVersion "1"]
[SourceVersionDate "2023.01.31"]
[SourceQuality "1"]

1. d4 Nf6 2. c4 e6 3. Nc3 Bb4 4. Nf3 Bxc3+ 5. bxc3 d6 6. Qc2 Nbd7 7. e4 e5 8. Bd3 0-0 9. 0-0 Re8 10. h3 c5 11. Be3 b6 12. Nd2 cxd4 13. cxd4 exd4 14. Bxd4 Bb7 15. a4 Ne5 16. a5 bxa5 17. Qc3 Nxd3 18. Bxf6 Qxf6 19. Qxd3 Qe5 20. f3 Bc6 21. Nb3 a4 22. Nd4 Bd7 23. Nb5 Re6 24. Qd5 Rf8 25. Qxe5 dxe5 26. Rfd1 Bxb5 27. cxb5 a6 28. Rxa4 axb5 29. Rb4 Rb6 30. Rd5 1/2-1/2

[Event "Bremen Silvester op-A"]
[Site "Bremen"]
[Date "2022.12.27"]
[Round "1"]
[White "Koppe, Connor"]
[Black "Koch Mueller, Oscar"]
[Result "0-1"]
[WhiteElo "1793"]
[BlackElo "2055"]
[PlyCount "84"]
[EventDate "2022.12.27"]
[EventType "swiss"]
[EventRounds "7"]
[EventCountry "GER"]
[SourceTitle "CBM 211 Extra"]
[Source "ChessBase"]
[SourceDate "2023.01.31"]
[SourceVersion "1"]
[SourceVersionDate "2023.01.31"]
[SourceQuality "1"]

1. e4 e6 2. d4 d5 3. e5 c5 4. c3 Nc6 5. Nf3 Qb6 6. Bd3 cxd4 7. 0-0 Bd7 8. Re1 Nge7 9. h4 h6 10. h5 g5 11. hxg6 Nxg6 12. Bxg6 fxg6 13. cxd4 Be7 14. a3 g5 15. Nc3 0-0-0 16. Na4 Qc7 17. Be3 Rdg8 18. b4 g4 19. Nd2 a6 20. Rc1 g3 21. f4 h5 22. Nf3 h4 23. Ng5 Bxg5 24. fxg5 Qd8 25. Qg4 Kb8 26. Nc5 Ne7 27. a4 Nf5 28. Bf4 Bc8 29. Qh3 Nxd4 30. b5 a5 31. Kh1 Rf8 32. Be3 Nf5 33. Bd2 b6 34. Na6+ Bxa6 35. bxa6 Qd7 36. Rb1 Ka7 37. Bxa5 Rb8 38. Bb4 Qxa4 39. Bd6 Rbc8 40. Bb4 Rc4 41. Bd6 Rhc8 42. Ra1 Qxa1 0-1

[Event "DEN-ch U19 rapid"]
[Site "Odense"]
[Date "2022.09.30"]
[Round "1"]
[White "Koch Mueller, Oscar"]
[Black "Liu, Casper Yukun"]
[Result "0-1"]
[WhiteElo "1960"]
[BlackElo "2317"]
[PlyCount "100"]
[EventDate "2022.09.30"]
[EventType "swiss"]
[EventRounds "5"]
[EventCountry "DEN"]
[SourceTitle "EXT 2024"]
[Source "ChessBase"]
[SourceDate "2023.10.10"]
[SourceVersion "1"]
[SourceVersionDate "2023.10.10"]
[SourceQuality "1"]

1. d4 Nf6 2. c4 g6 3. Nc3 d5 4. cxd5 Nxd5 5. e4 Nxc3 6. bxc3 Bg7 7. Qa4+ Nd7 8. Be2 0-0 9. Nf3 c5 10. 0-0 Nb6 11. Qa3 cxd4 12. cxd4 Bxd4 13. Nxd4 Qxd4 14. Qxe7 Be6 15. Bh6 Rfe8 16. Qxb7 Na4 17. Rfd1 Qf6 18. Bf3 g5 19. e5 Qxh6 20. Bc6 Nc3 21. Bxe8 Rxe8 22. Rd6 Qh4 23. Re1 Qf4 24. h3 Bf5 25. Qxa7 Nb5 26. Qa6 Nxd6 27. Qxd6 Rc8 28. Qf6 Qd2 29. Ra1 Be6 30. a4 Rc4 31. a5 Rc1+ 32. Rxc1 Qxc1+ 33. Kh2 Qf4+ 34. Qxf4 gxf4 35. a6 Bd5 36. h4 Kg7 37. Kh3 h5 38. g3 Kg6 39. g4 Bf3 40. gxh5+ Kxh5 41. a7 Ba8 42. Kh2 Kxh4 43. Kg1 Kg4 44. Kf1 Kf5 45. Ke2 Kxe5 46. Kd3 Bd5 47. Ke2 Ke4 48. Kf1 Kf3 49. Ke1 Kg2 50. Ke2 f3+ 0-1

[Event "DEN-ch U19 rapid"]
[Site "Odense"]
[Date "2022.09.30"]
[Round "3"]
[White "Koch Mueller, Oscar"]
[Black "Meskenas, Paulius"]
[Result "1/2-1/2"]
[WhiteElo "1960"]
[BlackElo "2139"]
[PlyCount "80"]
[EventDate "2022.09.30"]
[EventType "swiss"]
[EventRounds "5"]
[EventCountry "DEN"]
[SourceTitle "EXT 2024"]
[Source "ChessBase"]
[SourceDate "2023.10.10"]
[SourceVersion "1"]
[SourceVersionDate "2023.10.10"]
[SourceQuality "1"]

1. d4 Nf6 2. c4 g6 3. Nc3 d5 4. cxd5 Nxd5 5. e4 Nxc3 6. bxc3 Bg7 7. Qa4+ Nd7 8. Be3 c5 9. Nf3 0-0 10. Rc1 cxd4 11. cxd4 a6 12. Bd3 Nf6 13. h3 Bd7 14. Qb4 Bb5 15. Bxb5 axb5 16. e5 Nd5 17. Qxb5 Nxe3 18. fxe3 Rxa2 19. 0-0 Qa8 20. Rc7 Qa3 21. Re1 Rb2 22. Qd5 e6 23. Qe4 b5 24. Ng5 Qa5 25. Rec1 Qd2 26. Rf1 Bh6 27. h4 Bxg5 28. hxg5 Rb3 29. Rf3 Rb2 30. Rh3 Qe1+ 31. Kh2 Qf1 32. Rc2 Rxc2 33. Qxc2 b4 34. Qb3 Qb5 35. e4 Rc8 36. d5 Rc4 37. Qa2 Rxe4 38. Qa8+ Kg7 39. Qa7 Qxd5 40. Rxh7+ Kxh7 1/2-1/2

[Event "Ceske Budejovice op-A"]
[Site "Ceske Budejovice"]
[Date "2022.07.03"]
[Round "3"]
[White "Koch Mueller, Oscar"]
[Black "Vaculik, Martin1111"]
[Result "1/2-1/2"]
[WhiteElo "2115"]
[BlackElo "1893"]
[PlyCount "56"]
[EventDate "2022.07.01"]
[EventType "swiss"]
[EventRounds "9"]
[EventCountry "CZE"]
[SourceTitle "CBM 209 Extra"]
[Source "ChessBase"]
[SourceDate "2022.09.30"]
[SourceVersion "1"]
[SourceVersionDate "2022.09.30"]
[SourceQuality "1"]

1. d4 d5 2. c4 e6 3. Nc3 Nf6 4. cxd5 exd5 5. Bg5 c6 6. e3 Be7 7. Bd3 Nbd7 8. Qc2 Nh5 9. Bxe7 Qxe7 10. Nge2 g6 11. 0-0 0-0 12. Rae1 Ndf6 13. Nf4 Nxf4 14. exf4 Qb4 15. f5 Kg7 16. fxg6 fxg6 17. f4 Qxd4+ 18. Kh1 Bd7 19. f5 g5 20. Ne2 Qb4 21. a3 Qd6 22. Nd4 Rae8 23. Qd2 h6 24. Nf3 Rxe1 25. Rxe1 Re8 26. Rxe8 Bxe8 27. Qe3 c5 28. h4 d4 1/2-1/2

[Event "DEN-ch cand"]
[Site "Svendborg"]
[Date "2022.04.18"]
[Round "7"]
[White "Jepsen, Thomas Tange"]
[Black "Koch Mueller, Oscar"]
[Result "1/2-1/2"]
[WhiteElo "2051"]
[BlackElo "1985"]
[PlyCount "31"]
[EventDate "2022.04.10"]
[EventType "swiss"]
[EventRounds "7"]
[EventCountry "DEN"]
[SourceTitle "CBM 207 Extra"]
[Source "ChessBase"]
[SourceDate "2022.05.31"]
[SourceVersion "1"]
[SourceVersionDate "2022.05.31"]
[SourceQuality "1"]

1. d4 Nf6 2. c4 e6 3. Nf3 b6 4. g3 Bb7 5. Bg2 Be7 6. 0-0 0-0 7. Nc3 Ne4 8. Nxe4 Bxe4 9. b3 c5 10. Bb2 Bf6 11. Qd2 cxd4 12. Bxd4 d5 13. Bxf6 Qxf6 14. cxd5 Bxd5 15. Rac1 Na6 16. Qc3 1/2-1/2

[Event "Copenhagen-ch Bronshoj op"]
[Site "Copenhagen"]
[Date "2022.02.12"]
[Round "2"]
[White "Koch Mueller, Oscar"]
[Black "Thorsbro, Peter"]
[Result "1/2-1/2"]
[WhiteElo "1985"]
[BlackElo "2199"]
[PlyCount "87"]
[EventDate "2022.02.11"]
[EventType "swiss"]
[EventRounds "7"]
[EventCountry "DEN"]
[SourceTitle "EXT 2024"]
[Source "ChessBase"]
[SourceDate "2023.10.10"]
[SourceVersion "1"]
[SourceVersionDate "2023.10.10"]
[SourceQuality "1"]

1. d4 d5 2. c4 e6 3. Nc3 Nf6 4. cxd5 exd5 5. Bg5 c6 6. e3 h6 7. Bh4 Bd6 8. Bd3 0-0 9. Qc2 Re8 10. Nge2 Nbd7 11. 0-0 Qc7 12. Bg3 Bxg3 13. Nxg3 Nb6 14. Rfe1 Be6 15. e4 dxe4 16. Ncxe4 Nxe4 17. Nxe4 Rad8 18. Rad1 Nd5 19. a3 Nf4 20. Nc5 Nxd3 21. Qxd3 Bd5 22. Qg3 Qxg3 23. hxg3 b6 24. Nd3 a5 25. Rxe8+ Rxe8 26. Nf4 Ba2 27. d5 Rd8 28. d6 Kf8 29. f3 g5 30. Nh5 Bd5 31. g4 Rxd6 32. Ng3 Rf6 33. Kf2 Re6 34. Nf5 Kg8 35. b4 axb4 36. axb4 Kh7 37. b5 Rf6 38. Ne7 Re6 39. Nxd5 cxd5 40. Rxd5 Kg6 41. g3 f6 42. f4 gxf4 43. gxf4 Re4 44. Kf3 1/2-1/2

[Event "DEN-chB"]
[Site "Svendborg"]
[Date "2021.10.22"]
[Round "5"]
[White "Koch Mueller, Oscar"]
[Black "Guindy, Esmat Susanne"]
[Result "0-1"]
[WhiteElo "1952"]
[BlackElo "2113"]
[PlyCount "98"]
[EventDate "2021.10.18"]
[EventType "swiss"]
[EventRounds "7"]
[EventCountry "DEN"]
[SourceTitle "EXT 2023"]
[Source "ChessBase"]
[SourceDate "2022.10.05"]
[SourceVersion "1"]
[SourceVersionDate "2022.10.05"]
[SourceQuality "1"]

1. d4 d5 2. c4 e6 3. Nc3 Be7 4. cxd5 exd5 5. Bf4 c6 6. e3 Bf5 7. g4 Be6 8. Bd3 Nd7 9. h3 a6 10. Nf3 h6 11. Rc1 Ngf6 12. Bf5 Nf8 13. Ne5 g6 14. Bb1 N6d7 15. Qb3 Qb6 16. Na4 Qxb3 17. axb3 g5 18. Bg3 h5 19. Kd2 Nxe5 20. Bxe5 f6 21. Bg3 Kf7 22. Bf5 Ng6 23. Bxe6+ Kxe6 24. f4 Nf8 25. f5+ Kf7 26. Nc5 Bxc5 27. dxc5 Nd7 28. Bd6 Rae8 29. Kd3 Re4 30. Rcg1 Kg7 31. gxh5 Rxh5 32. Rg3 Rh8 33. Ra1 Rhh4 34. Rag1 Rb4 35. Kc3 Rb5 36. Ra1 Nxc5 37. Bxc5 Rxc5+ 38. Kd3 Rb4 39. Ra3 Rc1 40. Rg4 Rb5 41. h4 Kh6 42. hxg5+ fxg5 43. Ke2 Rh1 44. Raa4 Rxb3 45. f6 Rh2+ 46. Kf3 Rbxb2 47. Raf4 Rh3+ 48. Rg3 Rxg3+ 49. Kxg3 gxf4+ 0-1

[Event "DEN-chB"]
[Site "Svendborg"]
[Date "2021.10.21"]
[Round "4"]
[White "Koch Mueller, Oscar"]
[Black "Loftgaard, Mikkel Vinh"]
[Result "0-1"]
[WhiteElo "1952"]
[BlackElo "2084"]
[PlyCount "96"]
[EventDate "2021.10.18"]
[EventType "swiss"]
[EventRounds "7"]
[EventCountry "DEN"]
[SourceTitle "EXT 2023"]
[Source "ChessBase"]
[SourceDate "2022.10.05"]
[SourceVersion "1"]
[SourceVersionDate "2022.10.05"]
[SourceQuality "1"]

1. d4 d5 2. c4 e6 3. Nc3 c5 4. cxd5 exd5 5. Nf3 Nc6 6. g3 Nf6 7. Bg2 Be7 8. 0-0 0-0 9. Bg5 c4 10. Ne5 Be6 11. Nxc6 bxc6 12. b3 h6 13. Bxf6 Bxf6 14. bxc4 dxc4 15. e3 Qa5 16. Qc2 Rac8 17. Ne4 Be7 18. Nd2 Qa6 19. Rfd1 c3 20. Nb3 c5 21. d5 Bd7 22. Bf1 Qa4 23. Rac1 Bf6 24. e4 Rfe8 25. Bg2 Qb4 26. Rb1 Ba4 27. Re1 a5 28. Qe2 c2 29. Rbc1 Bc3 30. Rf1 Bb5 31. Qxc2 Bxf1 32. Kxf1 Bd4 33. a3 Qxa3 34. Nxd4 cxd4 35. Qxc8 Rxc8 36. Rxc8+ Kh7 37. e5 d3 38. Be4+ g6 39. Bf3 d2 40. Bd1 Qc1 41. e6 Qxc8 42. e7 Qd7 43. d6 a4 44. Ke2 Qe6+ 45. Kf1 a3 46. Bb3 Qxb3 47. e8Q d1Q+ 48. Kg2 Qbf3+ 0-1

[Event "EU-ch Online U16"]
[Site "Tornelo INT"]
[Date "2020.09.20"]
[Round "8"]
[White "Ostlund, Joar"]
[Black "Koch Mueller, Oscar"]
[Result "0-1"]
[WhiteElo "1691"]
[BlackElo "1948"]
[PlyCount "50"]
[EventDate "2020.09.18"]
[EventType "swiss (rapid)"]
[EventRounds "9"]
[EventCountry "NET"]
[SourceTitle "EXT 2023"]
[Source "ChessBase"]
[SourceDate "2022.10.05"]
[SourceVersion "1"]
[SourceVersionDate "2022.10.05"]
[SourceQuality "1"]
[WhiteTeam "Sweden"]
[BlackTeam "Denmark"]
[WhiteTeamCountry "SWE"]
[BlackTeamCountry "DEN"]

1. d4 Nf6 2. c4 e6 3. Nf3 b6 4. g3 Ba6 5. b3 Bb7 6. Bg2 Bb4+ 7. Bd2 a5 8. a3 Bxd2+ 9. Nbxd2 0-0 10. 0-0 d6 11. Qc2 Nbd7 12. e4 e5 13. d5 Nh5 14. b4 g6 15. Bh3 Ng7 16. Nh4 Nf6 17. Rfc1 Bc8 18. Bxc8 Qxc8 19. c5 axb4 20. axb4 bxc5 21. bxc5 Nd7 22. Nb3 f5 23. exf5 Rxa1 24. Nxa1 g5 25. Nf3 Rxf5 0-1

[Event "EU-ch Online U16"]
[Site "Tornelo INT"]
[Date "2020.09.19"]
[Round "6"]
[White "Rikas, Artur"]
[Black "Koch Mueller, Oscar"]
[Result "0-1"]
[WhiteElo "1530"]
[BlackElo "1948"]
[PlyCount "84"]
[EventDate "2020.09.18"]
[EventType "swiss (rapid)"]
[EventRounds "9"]
[EventCountry "NET"]
[SourceTitle "EXT 2023"]
[Source "ChessBase"]
[SourceDate "2022.10.05"]
[SourceVersion "1"]
[SourceVersionDate "2022.10.05"]
[SourceQuality "1"]
[WhiteTeam "Estonia"]
[BlackTeam "Denmark"]
[WhiteTeamCountry "EST"]
[BlackTeamCountry "DEN"]

1. e4 e6 2. d4 d5 3. e5 c5 4. c3 Nc6 5. Nf3 Qb6 6. Be2 cxd4 7. cxd4 Nge7 8. Nc3 Nf5 9. Na4 Qa5+ 10. Bd2 Bb4 11. Bc3 b5 12. a3 bxa4 13. axb4 Qb6 14. Qxa4 Bd7 15. b5 Nce7 16. Ba5 Qb7 17. Rc1 Rc8 18. 0-0 0-0 19. Bb4 Rfe8 20. Rc5 Ng6 21. Rfc1 Nf4 22. Bf1 g5 23. g3 g4 24. gxf4 gxf3 25. Ba5 a6 26. Rc7 Qb8 27. R1c5 Bxb5 28. Bxb5 axb5 29. Rxb5 Rxc7 30. Bxc7 Qxc7 31. Rc5 Qb8 32. Qa3 Rc8 33. b4 Nxd4 34. h4 Rxc5 35. bxc5 Ne2+ 36. Kh2 Qb1 37. Qxf3 Qg1+ 38. Kh3 Nd4 39. Qe3 Nf5 40. Qe2 Qh1+ 41. Kg4 Qg2+ 42. Kh5 Qg6# 0-1